| 000 | 01543pam a2200265 a 4500 | ||
|---|---|---|---|
| 001 | 000762538 | ||
| 003 | AM-YeHGA | ||
| 005 | 20250617143738.0 | ||
| 008 | 960521s1996 ilu b 000 0 eng d | ||
| 020 | _a0838934633 | ||
| 040 | _aAM-YeHGA | ||
| 110 | 2 |
_aAmerican Library Association. _bSubcommittee on Guide for Training Collection Development Librarians. |
|
| 245 | 1 | 0 |
_aGuide for training collection development librarians / _cSubcommittee on Guide for Training Collection Development Librarians, Stafffing and Organization of Collection Development/Evaluation Committee, Collection Development and Evaluation Section, Reference, and Adult Services Division, Administration of Collection Development Committee, Collection Management and Development Section, Association for Library Collections & Technical Services ; Susan L. Fales, editor. |
| 260 |
_aChicago : _bAmerican Library Association, _c1996. |
||
| 300 |
_aviii, 61 p. ; _c23 cm. |
||
| 440 | 0 |
_aCollection management and development guides ; _vNo. 8 |
|
| 504 | _aIncludes bibliogr. references (p. 49-61). | ||
| 650 | 0 |
_aCollection development (Libraries) _zUnited States. |
|
| 650 | 0 |
_aLibrary education _zUnited States. |
|
| 650 | 0 |
_aLibrarians _zUnited States. |
|
| 700 | 1 |
_aFales, Susan L., _d1943- _4edt |
|
| 710 | 2 |
_aAmerican Library Association. _bStaffing and Organization of Collection Development/Evaluation Committee. |
|
| 710 | 2 |
_aAssociation for Library Collections & Technical Services. _bAdministration of Collection Development Committee. |
|
| 090 | _c282385 | ||
| 999 |
_c280731 _d280731 |
||